|
|
|
|
| LEADER |
00000nab a2200000 a 4500 |
| 001 |
vtls008415864 |
| 003 |
SK-MaSNL |
| 005 |
20260304142337.0 |
| 008 |
250505c2005 xo 0 slo |
| 015 |
|
|
|a SNBCL2005/5
|
| 035 |
|
|
|a SLK033931
|
| 035 |
|
|
|a urn:nbn:sk:snk-ab70ly
|
| 035 |
|
|
|a (uuid)0ee7bed9-a804-40cb-ae4e-911be77028b5
|
| 035 |
|
|
|a (urnnbn)urn:nbn:sk:snk:ar-a06g9t
|
| 035 |
|
|
|a (sysno)vtls008415864
|
| 040 |
|
|
|a SNKBUCL
|b slo
|c SNKBUCL
|e AACR2
|
| 041 |
0 |
|
|a slo
|
| 044 |
|
|
|a xo
|c SK
|
| 080 |
|
|
|a 616-089:615.47.014.46:614.47
|2 1981
|
| 100 |
1 |
|
|a Hadašová, Lívia,
|d 1977-
|4 aut
|9 188127
|
| 245 |
1 |
0 |
|a Skúsenosti s používaním jednorazového rúškovania
|c Lívia Hadašová
|
| 300 |
|
|
|b Obr.
|
| 504 |
|
|
|a Bibliogr. odkazy
|
| 650 |
0 |
7 |
|a výkony chirurgické operačné
|x ošetrovanie
|2 MESH
|9 1461912
|
| 650 |
0 |
7 |
|a dezinfekcia
|2 MESH
|9 2447
|
| 650 |
0 |
7 |
|a infekcie baktériové
|2 MESH
|9 861090
|
| 650 |
0 |
7 |
|a prevencia primárna
|2 MESH
|9 842114
|
| 650 |
0 |
7 |
|a profylaxia antibiotiková
|2 MESH
|9 1197357
|
| 650 |
0 |
7 |
|a zariadenie jednorazové
|2 MESH
|9 1448863
|
| 773 |
0 |
|
|t Sestra
|g Roč. 4, č. 6 (2005), s. 45
|x 1335-9444
|
| 850 |
|
|
|a Slovenská národná knižnica
|
| 852 |
|
|
|a Slovenská národná knižnica
|
| 954 |
|
|
|a odborná, vedecká literatúra pôvodná (slovenská)
|2 lita
|
| 958 |
|
|
|a article27
|
| 958 |
|
|
|a OND
|
| 958 |
|
|
|a EUIPO
|
| 999 |
|
|
|c 2920913
|d 2922843
|